| 000 | 00498cam a22001577a 4500 | ||
|---|---|---|---|
| 008 | 180718b1997 xxu||||| |||| 00| 0 eng d | ||
| 020 | _a058227723X | ||
| 082 | _aT19 M293/97 | ||
| 100 | _aMalecki, Edward J. | ||
| 245 |
_aTechnology and economic development: the dynamics of local, regional and national competitiveness _cby Edward J. Malecki |
||
| 250 | _a2nd ed. | ||
| 260 |
_aHarlow _bLongman _c1997 |
||
| 300 | _a460p. | ||
| 650 | _aTechnological innovations | ||
| 650 | _aEconomic development | ||
| 999 |
_c382677 _d382677 |
||